000 00465cam a2200181ua 4500
020 _c2.50
041 _ahin
_h
082 _a891.54
_bBAN/DU
100 _aBankinchandra, Chatopadyaya .
245 _aDurgesha Nandini /
_cBankinchandra chatopadyaya.
_hTextual Documents
250 _a4 /
_b.
260 _aVaranasi :
_bHindi Pracharak Pusthakalayam ,
_c1962.
300 _a189 ; .
365 _a2.50
504 _a
942 _cBK
999 _c6445
_d6445